Statistics for Holy Ground Taylor Swift Lyrics

Click here to take the quiz!

General Stats

  • This quiz has been taken 408 times
  • The average score is 237 of 283

Answer Stats

Answer % Correct
I
99%
i
99%
i
99%
i
99%
i
99%
i
99%
i
99%
i
99%
i
99%
i
99%
I
99%
holy
98%
the
98%
the
98%
a
98%
a
98%
a
98%
the
98%
ground
98%
the
98%
a
98%
the
98%
the
98%
a
98%
the
98%
holy
98%
ground
98%
holy
98%
ground
98%
a
98%
the
98%
the
98%
a
98%
you
96%
you
96%
you
96%
you
96%
you
96%
you
96%
you
96%
you........
96%
you
96%
you
96%
you
96%
to
95%
to
95%
we
95%
we
95%
was
95%
was
95%
we
95%
was
95%
we
95%
was
95%
we
95%
we
95%
was
95%
was
95%
to
95%
was
95%
we
95%
to
95%
was
95%
and
94%
it
94%
and
94%
it
94%
it
94%
it
94%
and
94%
and
94%
and
94%
and
94%
and
94%
and
94%
and
94%
it
94%
go
94%
and
94%
day
93%
day
93%
in
92%
in
92%
in
92%
in
92%
in
92%
in
92%
like
91%
first
91%
me
91%
like
91%
like
91%
there
91%
first
91%
there
91%
like
91%
there
91%
first
91%
all
90%
on
90%
where
90%
all
90%
all
90%
where
90%
other
90%
where
90%
on
90%
all
90%
on
90%
never
89%
never
89%
stood
89%
never
89%
stood
89%
just
89%
stood
89%
right
88%
time
88%
right
88%
right
88%
time
88%
good
87%
good
87%
that
87%
that
87%
good
87%
looking
87%
that
87%
looking
87%
looking
87%
down
86%
darling
86%
down
86%
darling
86%
down
86%
back
86%
new
86%
took
86%
New
86%
took
86%
back
86%
not
84%
with
84%
away
84%
with
84%
with
84%
not
84%
this
84%
this
84%
not
84%
not
84%
with
84%
this
84%
with
84%
with
84%
when
83%
when
83%
for
82%
had
82%
of
82%
but
82%
but
82%
but
82%
had
82%
but
82%
for
82%
but
82%
York
82%
for
82%
every
80%
every
80%
know
79%
im
79%
im
79%
im
79%
im
79%
im
79%
im
79%
light
79%
my
79%
im
79%
im
79%
perfect
79%
green
78%
way
78%
if
77%
if
77%
dance
77%
if
77%
if
77%
dance
77%
dance
77%
dance
77%
dance
77%
your
77%
rhyme
77%
dance
77%
dance
77%
dance
77%
were
76%
than
76%
guess
76%
don't
76%
dont
76%
reminiscing
76%
faster
76%
were
76%
dont
76%
dont
76%
fell
75%
ourselves
75%
alone
75%
page
75%
got
75%
usual
75%
something
75%
dancing
74%
off
74%
gonna
74%
dancing
74%
gonna
74%
dancing
74%
gonna
74%
made
74%
dress
74%
city
74%
gonna
74%
dancing
74%
apart
74%
Lord
74%
wanna
73%
wanna
73%
now
73%
wanna
73%
about
73%
brand
73%
already
73%
girl
73%
need
72%
tonight
72%
we've
72%
joke
72%
tonight
72%
tonight
72%
we've
72%
tonight
72%
glance
71%
conversation
71%
big
71%
skip
71%
poems
71%
dust
71%
fit
71%
through
71%
been
71%
been
71%
through
71%
room
70%
coffee
70%
crowd
70%
face
70%
think
70%
room
70%
see
70%
want
70%
note
69%
feeling
69%
door
68%
loose
68%
left
68%
having
68%
sound
67%
spinning
67%
while
67%
stories
65%
wonder
64%
how
64%
noise
62%
sometimes
62%
blocked
56%
cause
56%
white
42%
hey
24%

Score Distribution

Percentile by Number Answered

Percent of People with Each Score

Your Score History

You have not taken this quiz